ArIthmetic-I/ (Record no. 186870)

MARC details
000 -LEADER
fixed length control field 00696nam a22001937a 4500
005 - DATE AND TIME OF LATEST TRANSACTION
control field 20240923112933.0
010 ## - LCCN (DPL NO)
LC control number ENG-132143
020 ## - INTERNATIONAL STANDARD BOOK NUMBER
International Standard Book Number 9789382829577
Terms of availability 262.00
035 ## - SYSTEM CONTROL NUMBER
System control number EN-115673
037 ## - SOURCE OF ACQUISITION
Source of stock number/acquisition DBAD
082 ## - DEWEY DECIMAL CLASSIFICATION NUMBER
Classification number 513
100 ## - MAIN ENTRY--PERSONAL NAME
Personal name Reddy, M. Purushotham
245 ## - TITLE STATEMENT
Title ArIthmetic-I/
Statement of responsibility, etc By M. Purushotham Reddy
260 ## - PUBLICATION, DISTRIBUTION, ETC. (IMPRINT)
Place of publication, distribution, etc Hyderabad
Name of publisher, distributor, etc Spectrum Publications
Date of publication, distribution, etc 2021
270 ## - ADDRESS
Address #326/C, IIIrd floor, Surneni Nilayam near B.K Guda Park, S.R Nagar
City Hyderabad
Postal code 500038
Electronic mail address studentshelpline.in@gmail.com
Telephone number 91-4023710657
Fax number 91-4023810657
300 ## - PHYSICAL DESCRIPTION
Extent iv,v.p
Dimensions 24cm(pbk)
500 ## - GENERAL NOTE
General note For all Competitive Examinations and Campus Placement
942 ## - ADDED ENTRY ELEMENTS (KOHA)
Source of classification or shelving scheme Dewey Decimal Classification
Item type English Books
Classification part 513
Call number suffix RED
Holdings
Withdrawn status Lost status Not for loan Collection code Home library Current library Date acquired Source of acquisition Cost, normal purchase price Full call number Barcode Copy number Cost, replacement price Koha item type
      Non-fiction Shahdara Branch Shahdara Branch 28/03/2022 DBAD 262.00 513 RED EN-115675 1 262.00 English Books

© Delhi Public Library
Hit Counter
free hit counter